000 00740nab a2200229u 4500
001 10001
003 HDC
007 c| |||a|c|aaaa
008 210203b20100303my ||||| |||| 00| 0 eng d
040 _aHDC
245 0 _aMalaysia's exports may double compared to earlier forecast
336 _atext
_2rdacontent
337 _acomputer
_2rdamedia
338 _aonline resource
_2rdacarrier
650 _agross domestic product (GDP)
_96411
650 _agrowth forecast
_910212
710 _aThe Star
856 _zRequest full-text at [email protected]
942 _2lcc
942 _cNEWS
942 _kNWSC 003634
999 _c7324
_d7324